000 00726cam a2200217 a 4500
005 20131112083042.0
008 820914s1982 gw a b 000 0 eng
020 _a0387119434
041 0 _aeng
080 _a338.9
100 1 _aRamanathan, Ramu,
_d1936-
245 1 0 _aIntroduction to the theory of economic growth /
_cRamu Ramanathan.
260 _aBerlin ;
_aNew York :
_bSpringer-Verlag,
_c1982.
300 _aix, 347 p. :
_bill. ;
_c25 cm.
490 1 _aLecture notes in economics and mathematical systems ;
_vv. 205
500 _aPreface : f. [III] - V
504 _aIncludes bibliographies.
650 0 _aZhvillimi ekonomik
830 0 _aLecture notes in economics and mathematical systems ;
_v205.
942 _2udc
_cBK
999 _c286
_d286